| 000 | 01226nam a2200301 a 4500 | ||
|---|---|---|---|
| 001 | 000018944 | ||
| 003 | DO-SdBNP | ||
| 005 | 20260429135248.0 | ||
| 007 | ta | ||
| 008 | 100521s1998 dr 000 0 spa d | ||
| 040 |
_aDO-SdBNP _bspa _cBNPHU |
||
| 082 | 4 |
_222 _a709 _bV179ó |
|
| 100 | 1 |
_aValldeperes, Manuel _923258 |
|
| 245 | 1 | 0 |
_aObra crítica en el periódico El Caribe / _cManuel Valldeperes ; compilación nota introductoria y edición José Chez Checo ; presentación José Rafael Lantigua. |
| 260 |
_aSanto Domingo : _bComisión Permanete de la Feria Nacional del Libro, _c1998. |
||
| 300 |
_a3 v. ; _c24 cm. |
||
| 505 | 2 |
_av.1 -- _tArtes plásticas (1962-1966) -- _gv.2 -- _tArtes plásticas (1967-1969) -- _gv.3 -- _tLiteratura y música. |
|
| 590 | _aInventariado, 2018/LP | ||
| 650 | 1 | 4 |
_aArte _xHistoria y crítica _940769 |
| 650 | 1 | 4 |
_aPintura _xHistoria y crítica _940770 |
| 650 | 1 | 0 |
_aLiteratura _xHistoria y crítica _9835 |
| 650 | 4 |
_aMúsica _xHistoria y crítica _9947 |
|
| 700 | 1 |
_aChez Checo, José, _d1949- _ecomp. _910145 |
|
| 700 | 1 |
_aLantigua, José Rafael, _d1949- _91438 |
|
| 710 | 1 |
_aEl Caribe (República Dominicana) _931561 |
|
| 910 | _aValidado. Control de calidad MMOLINA | ||
| 942 |
_2ddc _cLBS1 |
||
| 999 |
_c18462 _d18462 |
||